000 00615nam a2200229Ia 4500
003 OSt
005 20220926043824.0
006 a|||||r|||| 00| 0
007 ta
008 220923b |||||||| |||| 00| 0 eng d
037 _cGeneral Book
040 _aRTL
_cRTL
_beng
041 _2eng
_aeng
082 _aH421z7, K2
100 _aAhlmann H W : Son
_9348273
245 0 _aGlacier variations and climatic fluctuations
260 _c1962
490 _aBowman Memorial Lectures, 3
650 _aGeology
_915465
942 _hH421z7, K2
_cGB
_2CC
999 _c673292
_d673292